000 00397 a2200169 4500
001 49647
020 _a8532201342
040 _cAnchieta - Bela Vista
100 _aBandeira, Pedro
240 1 0 _aA menor fazedora de mágicas do mundo
_lpor
245 1 0 _aA menor fazedora de mágicas do mundo
300 _a44
362 0 _a1998
440 1 _aFTD
650 4 _aLiteratura juvenil
942 _cBK
999 _c49647
_d49647